{"text_format":"3","workbook":"xls","n_sheets":3,"sheets":["Sheet1","Sheet2","Sheet3"],"read":"whole","date_system":"1900","formulas":"cached_only"}

{"sheet":"Sheet1","index":0,"n_rows":15,"n_cols":10,"rows_kept":15,"merged":[[0,0,0,9],[14,0,15,9]],"flags":["formulas_cached_only"]}
["2021年度三固技术部化验室仪器配件申购清单"]
["序号","名称","型号规格","单位","数量","单价","金额","限价（元）","限额（元）","备注"]
[1,"pH电极","/","个",5,null,null,400,2000]
[2,"电磁搅拌器","/","个",2,null,null,320,640]
[3,"工业分析仪（水分灰分)专用坩埚","友欣","个",30,null,null,200,6000]
[4,"定硫仪瓷舟","友欣","个",20,null,null,40,800]
[5,"氧弹杯","友欣","个",3,null,null,8500,25500]
[6,"镍铬丝","标准（50J)","盒",8,null,null,60,480]
[7,"氧弹坩埚","友欣","个",50,null,null,25,1250]
[8,"氧弹坩埚支架","友欣","个",20,null,null,350,7000]
[9,"麦拉膜","/","盒",5,null,null,2000,10000]
[10,"雾化器","/","个",2,null,null,2000,4000]
[11,"试剂标签打印机","/","台",1,null,null,1500,1500]
["合计",{"$nulls":7},59170]
["备注：\n1、采购量为全年度的用量。2、根据需求分批到货。"]

{"sheet":"Sheet2","index":1,"n_rows":0,"n_cols":0,"rows_kept":0,"flags":["formulas_cached_only"]}

{"sheet":"Sheet3","index":2,"n_rows":0,"n_cols":0,"rows_kept":0,"flags":["formulas_cached_only"]}